000 00814nam a2200205Ia 4500
003 OSt
005 20250714125352.0
008 210210b2003 xxu||||| |||| 00| 0 eng d
040 _cAL
041 _aKannada
082 _aK894.8 SAMA
100 _aSAMAGRA DASA SAHITYA.
_9151059
_dಸಮಗ್ರ ದಾಸ ಸಾಹಿತ್ಯ
245 _aSamagra dasa sahitya: samputa; 11, bhaga 2, Kakhandaki krashnadasara kirtanegalu.
_bಸಮಗ್ರ ದಾಸ ಸಾಹಿತ್ಯ : ಸಂಪುಟ ೧೧: ಭಾಗ ೨, ಕಾಖಂಡಕಿ ಕೃಷ್ಣದಾಸರ ಕೀರ್ತನೆಗಳು
260 _aBengaluru
_bKannada mattu Samskrati Nirdeshanalalya
_c2003
300 _a49,302
650 _aDasasahitya
_9151060
690 _aKannada Miscellaneous
_9151061
906 _a059382
942 _2ddc
_cBK
999 _c106560
_d106560